[Event "21.Wörishofen-Seniorenen op"]
[Site "Bad Wörishofen (03.03.-11.03)"]
[Date "2005.03.03"]
[Round "1.24"]
[White "Hoennekes, Klaus"]
[Black "Blosze, Winfried"]
[Result "1-0"]
[WhiteElo "2011"]
[BlackElo "1688"]
[PlyCount "105"]
[EventDate "2005.03.??"]
[Source "Chessorg"]
[SourceDate "2005.12.10"]

1. e4 d6 2. f4 Nf6 3. Nc3 g6 4. Nf3 Bg7 5. Be2 c6 6. d4 Nbd7 7. e5 Nd5 8. Nxd5
cxd5 9. exd6 exd6 10. O-O Nf6 11. Bd3 O-O 12. c3 Bg4 13. h3 Bd7 14. Qb3 Bc6 15.
f5 Qd7 16. a4 Rae8 17. Qc2 Ne4 18. b4 a6 19. Bf4 gxf5 20. Qb3 b5 21. a5 Bb7 22.
Rac1 Rc8 23. Kh2 Rc7 24. Qb2 Rfc8 25. Bd2 Qe6 26. Nh4 Bh6 27. Bxh6 Qxh6 28.
Nxf5 Qe6 29. Bxe4 dxe4 30. Qd2 f6 31. Qe3 d5 32. Rf2 Kh8 33. g4 Rg8 34. Qf4 Rc6
35. Rg2 Bc8 36. Rg3 Bd7 37. Rf1 Rgc8 38. Qh6 Qf7 39. Ne3 Rg8 40. Qf4 Qe6 41.
Nf5 Rgc8 42. Qd2 Rg8 43. Nh6 Rf8 44. g5 f5 45. Ng4 Be8 46. Ne5 Rc7 47. g6 Rg7
48. gxh7 Rxh7 49. Qf4 Qh6 50. Ng4 Qxf4 51. Rxf4 Rh4 52. Rg1 Rf7 53. Nf6 1-0

[Event "21.Wörishofen-Seniorenen op"]
[Site "Bad Wörishofen (03.03.-11.03)"]
[Date "2005.03.03"]
[Round "1.25"]
[White "Frey, Walter"]
[Black "Papenbrock, Volker"]
[Result "0-1"]
[WhiteElo "1707"]
[BlackElo "2085"]
[PlyCount "66"]
[EventDate "2005.03.??"]
[Source "Chessorg"]
[SourceDate "2005.12.10"]

1. Nf3 f5 2. e4 fxe4 3. Ng5 Nf6 4. d3 d5 5. dxe4 h6 6. e5 hxg5 7. exf6 gxf6 8.
Be2 Kf7 9. Bh5+ Kg7 10. h4 Qd6 11. hxg5 Qe5+ 12. Kf1 Bf5 13. Nd2 Nc6 14. Nf3
Bg4 15. Nxe5 Bxd1 16. Nxc6 bxc6 17. gxf6+ Kxf6 18. f3 Bxc2 19. g4 e5 20. g5+
Kg7 21. Kg2 c5 22. Bd2 c4 23. Ba5 Bd6 24. f4 Rab8 25. b3 cxb3 26. axb3 Be4+ 27.
Bf3 Bxf3+ 28. Kxf3 Rxb3+ 29. Kg4 exf4 30. Rhc1 Kg6 31. Rc3 Rb2 32. Bxc7 Rg2+
33. Kf3 Rg3+ 0-1

[Event "21.Wörishofen-Seniorenen op"]
[Site "Bad Wörishofen (03.03.-11.03)"]
[Date "2005.03.03"]
[Round "1.26"]
[White "Bernhoeft, Erhard"]
[Black "Manfeldt, Alfred"]
[Result "1-0"]
[WhiteElo "1922"]
[BlackElo "1554"]
[PlyCount "57"]
[EventDate "2005.03.??"]
[Source "Chessorg"]
[SourceDate "2005.12.10"]

1. Nf3 Nf6 2. g3 c6 3. b3 d6 4. d4 Nbd7 5. Bg2 g6 6. O-O Bg7 7. Bb2 O-O 8. Nbd2
Re8 9. e3 Qc7 10. c4 e5 11. Rc1 e4 12. Ng5 h6 13. Ngxe4 Nxe4 14. Nxe4 Nf8 15.
Ba3 Rd8 16. Qd2 Bf5 17. c5 Bxe4 18. cxd6 Rxd6 19. Bxd6 Qxd6 20. Bxe4 Re8 21.
Bg2 b6 22. Rxc6 Qd7 23. Qc2 Ne6 24. d5 Nc5 25. b4 Na6 26. Qc4 Nb8 27. Rc7 Qa4
28. d6 Nd7 29. Bc6 1-0

[Event "21.Wörishofen-Seniorenen op"]
[Site "Bad Wörishofen (03.03.-11.03)"]
[Date "2005.03.03"]
[Round "1.27"]
[White "Kahler, Kurt"]
[Black "Rahn, Oskar"]
[Result "0-1"]
[WhiteElo "1673"]
[BlackElo "2000"]
[PlyCount "94"]
[EventDate "2005.03.??"]
[Source "Chessorg"]
[SourceDate "2005.12.10"]

1. e4 e5 2. f4 Nf6 3. Nc3 d5 4. exd5 e4 5. Bb5+ c6 6. dxc6 bxc6 7. Bc4 Bc5 8.
Nge2 O-O 9. Na4 Qe7 10. Nxc5 Qxc5 11. d3 Ng4 12. b4 Qxb4+ 13. Qd2 Qxd2+ 14.
Bxd2 exd3 15. Bxd3 Nd7 16. h3 Ngf6 17. Rb1 Re8 18. Kf2 Nc5 19. Kf3 Nxd3 20.
cxd3 Ba6 21. Rb3 Rad8 22. Nc1 Rd7 23. Re1 Red8 24. Ba5 Rc8 25. Ra3 Bb5 26. g3
c5 27. Re5 Nd5 28. Ne2 f6 29. Re6 Nb4 30. Ke4 Bxd3+ 31. Rxd3 Nxd3 32. Ke3 Nb4
33. Bxb4 cxb4 34. Re4 a5 35. Re6 Kf7 36. Ra6 Rc5 37. g4 g6 38. h4 Rcd5 39. g5
f5 40. Rf6+ Ke7 41. h5 R7d6 42. hxg6 hxg6 43. Rxd6 Kxd6 44. Nd4 Kc5 45. Nf3 Kc4
46. Ne5+ Rxe5+ 47. fxe5 Kd5 0-1

[Event "21.Wörishofen-Seniorenen op"]
[Site "Bad Wörishofen (03.03.-11.03)"]
[Date "2005.03.03"]
[Round "1.28"]
[White "Molez, Karl"]
[Black "Alefs, Heinz"]
[Result "1-0"]
[WhiteElo "1842"]
[BlackElo "1640"]
[PlyCount "63"]
[EventDate "2005.03.??"]
[Source "Chessorg"]
[SourceDate "2005.12.10"]

1. d4 Nf6 2. c4 e6 3. Nc3 Bb4 4. Qc2 d5 5. e3 O-O 6. Nf3 Nbd7 7. a3 Bxc3+ 8.
bxc3 b6 9. cxd5 exd5 10. Bd3 h6 11. O-O Re8 12. Bb2 Ne4 13. c4 Bb7 14. Rac1 c6
15. cxd5 cxd5 16. Qc7 Qc8 17. Bb5 Rd8 18. Rc2 Qxc7 19. Rxc7 Bc8 20. Bc6 Rb8 21.
Bxd5 Ndf6 22. Bxf7+ Kh8 23. Rfc1 Nd6 24. Ne5 Rb7 25. Bb3 Nfe8 26. Rxb7 Bxb7 27.
f3 Rc8 28. Rxc8 Bxc8 29. e4 Nc7 30. Ng6+ Kh7 31. Ne7 Kh8 32. e5 1-0

[Event "21.Wörishofen-Seniorenen op"]
[Site "Bad Wörishofen (03.03.-11.03)"]
[Date "2005.03.03"]
[Round "1.29"]
[White "Diete, Guenter"]
[Black "Knebel, Willi"]
[Result "1-0"]
[WhiteElo "1696"]
[BlackElo "1937"]
[PlyCount "75"]
[EventDate "2005.03.??"]
[Source "Chessorg"]
[SourceDate "2005.12.10"]

1. e4 c5 2. b3 Nc6 3. Bb2 d6 4. Nf3 Qc7 5. Nc3 e6 6. Ne2 Nf6 7. Ng3 Be7 8. Be2
O-O 9. O-O a6 10. c3 d5 11. exd5 Nxd5 12. Re1 b5 13. Rc1 Bb7 14. Bd3 Nf4 15.
Bb1 Bf6 16. Qc2 g6 17. d4 c4 18. bxc4 bxc4 19. Qd2 Ne7 20. Ne4 Bg7 21. Qd1 Rab8
22. Ba3 Rfd8 23. Nc5 Bc8 24. Ne5 Ned5 25. Nxc4 Rxb1 26. Rxb1 Nxc3 27. Qb3 Nxb1
28. Rxb1 Bxd4 29. Qb6 Rd7 30. Kf1 Nd5 31. Qa5 Bxc5 32. Bxc5 Qxh2 33. f3 Nf4 34.
Ne3 Qh1+ 35. Kf2 Rd2+ 36. Qxd2 Qxb1 37. Qd8+ Kg7 38. Bf8+ 1-0

[Event "21.Wörishofen-Seniorenen op"]
[Site "Bad Wörishofen (03.03.-11.03)"]
[Date "2005.03.03"]
[Round "1.30"]
[White "Reimann, Guenther"]
[Black "Salomon, Heide"]
[Result "1-0"]
[WhiteElo "1927"]
[BlackElo "1523"]
[PlyCount "111"]
[EventDate "2005.03.??"]
[Source "Chessorg"]
[SourceDate "2005.12.10"]

1. c4 e5 2. d3 Bb4+ 3. Bd2 Qe7 4. a3 Bxd2+ 5. Nxd2 Nf6 6. Ngf3 Nc6 7. g3 d6 8.
Bg2 Bd7 9. b4 O-O 10. O-O Rab8 11. Re1 Rfe8 12. Qc2 Bf5 13. e4 Bg6 14. b5 Nd8
15. a4 Ne6 16. Nb3 Nc5 17. Nh4 Ne6 18. a5 b6 19. axb6 cxb6 20. Ra6 Rec8 21.
Rea1 Rc7 22. Qa2 Rbb7 23. Nf5 Qd7 24. Qa3 Nc5 25. Nxc5 dxc5 26. Bh3 Bxf5 27.
exf5 e4 28. dxe4 Nxe4 29. Qe3 Qd4 30. Bg2 Re7 31. Qxd4 cxd4 32. Bxe4 Rxe4 33.
Rxa7 Rxa7 34. Rxa7 Kf8 35. Rd7 Ke8 36. Rd5 d3 37. Rxd3 Rxc4 38. Rd6 Rc5 39.
Rxb6 Rxf5 40. g4 Rg5 41. h3 f5 42. f4 Rg6 43. Rxg6 hxg6 44. Kf2 Kd7 45. Ke3 Kc7
46. Kd4 Kd6 47. gxf5 gxf5 48. b6 Kc6 49. Ke5 Kxb6 50. Kxf5 Kc6 51. Kg6 Kd5 52.
h4 Ke4 53. f5 Kf4 54. h5 Ke5 55. Kxg7 Kxf5 56. h6 1-0

[Event "21.Wörishofen-Seniorenen op"]
[Site "Bad Wörishofen (03.03.-11.03)"]
[Date "2005.03.03"]
[Round "1.31"]
[White "Oser, Thor"]
[Black "Weber, Gerhard,Dr.[34Levk]"]
[Result "1/2-1/2"]
[WhiteElo "1631"]
[BlackElo "1783"]
[PlyCount "59"]
[EventDate "2005.03.??"]
[Source "Chessorg"]
[SourceDate "2005.12.10"]

1. d4 Nf6 2. e3 g6 3. Bd3 Bg7 4. f4 d5 5. Nd2 O-O 6. Ngf3 b6 7. Qe2 a5 8. c3
Ba6 9. O-O Bxd3 10. Qxd3 Nbd7 11. e4 dxe4 12. Nxe4 e6 13. Bd2 Nxe4 14. Qxe4 c5
15. Rad1 cxd4 16. Nxd4 Nf6 17. Qf3 Qd5 18. Qxd5 Nxd5 19. Bc1 Rac8 20. Nc2 Rfd8
21. g3 b5 22. Ne3 Ne7 23. Rxd8+ Rxd8 24. Rd1 Rxd1+ 25. Nxd1 a4 26. b3 Nd5 27.
Bd2 Kf8 28. Kf2 Ke7 29. Ke2 Kd6 30. Kd3 1/2-1/2

[Event "21.Wörishofen-Seniorenen op"]
[Site "Bad Wörishofen (03.03.-11.03)"]
[Date "2005.03.03"]
[Round "1.32"]
[White "Wild, Gerhard[33Ladenb]"]
[Black "Lubberich, Alfred,Dr."]
[Result "1-0"]
[WhiteElo "1870"]
[BlackElo "1667"]
[PlyCount "35"]
[EventDate "2005.03.??"]
[Source "Chessorg"]
[SourceDate "2005.12.10"]

1. d4 d5 2. c4 e6 3. Nf3 c5 4. e3 Nf6 5. Nc3 Nc6 6. Be2 Ne4 7. cxd5 Nxc3 8.
bxc3 exd5 9. O-O c4 10. e4 Be7 11. exd5 Qxd5 12. Nd2 Na5 13. Bf3 Qd7 14. Qe2
Qe6 15. Qd1 O-O 16. Re1 Qd6 17. Qa4 Bd8 18. Ba3 1-0

[Event "21.Wörishofen-Seniorenen op"]
[Site "Bad Wörishofen (03.03.-11.03)"]
[Date "2005.03.03"]
[Round "1.33"]
[White "Dombrowe, Eckehard"]
[Black "Mentel, Juergen,Dr."]
[Result "0-1"]
[WhiteElo "1631"]
[BlackElo "1963"]
[PlyCount "84"]
[EventDate "2005.03.??"]
[Source "Chessorg"]
[SourceDate "2005.12.10"]

1. Nf3 d6 2. d4 Bg4 3. e3 Nd7 4. Be2 Ngf6 5. c4 e5 6. dxe5 dxe5 7. Nc3 c6 8.
O-O Qc7 9. Qc2 Be7 10. b3 Bh5 11. Bb2 Bg6 12. e4 Nc5 13. Bd3 Rd8 14. Rad1 O-O
15. Nh4 Bh5 16. Be2 Bg6 17. Nxg6 hxg6 18. Rxd8 Rxd8 19. Rd1 Re8 20. Bf3 Ne6 21.
Ne2 Ng5 22. Rd3 Nfxe4 23. Bxe4 Nxe4 24. Re3 f5 25. Ng3 Nxg3 26. Bxe5 Bd6 27.
Bxd6 Rxe3 28. fxe3 Qxd6 29. hxg3 Qxg3 30. Qf2 Qxf2+ 31. Kxf2 g5 32. Kf3 Kf7 33.
g4 g6 34. e4 Kf6 35. exf5 gxf5 36. gxf5 Kxf5 37. Kg3 b5 38. cxb5 cxb5 39. b4
Ke4 40. Kg4 Kd4 41. Kxg5 Kc4 42. Kf4 Kxb4 0-1

[Event "21.Wörishofen-Seniorenen op"]
[Site "Bad Wörishofen (03.03.-11.03)"]
[Date "2005.03.03"]
[Round "1.34"]
[White "Reinke, Kurt[39Benrath]"]
[Black "Winkler, Karl-Heinz[32A'see]"]
[Result "1-0"]
[WhiteElo "1835"]
[BlackElo "1634"]
[PlyCount "51"]
[EventDate "2005.03.??"]
[Source "Chessorg"]
[SourceDate "2005.12.10"]

1. d4 d5 2. c4 c6 3. Nf3 Nf6 4. Nc3 e6 5. Bg5 Bb4 6. e3 Nbd7 7. Qc1 Qa5 8. Nd2
h6 9. Bh4 dxc4 10. Nxc4 Qh5 11. Bg3 Ne4 12. Be2 Qg6 13. a3 Bxc3+ 14. bxc3 O-O
15. O-O Nxg3 16. hxg3 f5 17. Rb1 b5 18. Na5 e5 19. c4 a6 20. cxb5 axb5 21. Nxc6
Qd6 22. Bxb5 Rxa3 23. dxe5 Nxe5 24. Nxe5 Ra5 25. Nc4 Qd8 26. Nxa5 1-0

[Event "21.Wörishofen-Seniorenen op"]
[Site "Bad Wörishofen (03.03.-11.03)"]
[Date "2005.03.03"]
[Round "1.35"]
[White "Schuller, Erhard"]
[Black "Semmler, Guenter"]
[Result "0-1"]
[WhiteElo "1639"]
[BlackElo "1920"]
[PlyCount "87"]
[EventDate "2005.03.??"]
[Source "Chessorg"]
[SourceDate "2005.12.10"]

1. e4 d6 2. d4 Nf6 3. Nc3 Nbd7 4. Nf3 e5 5. Bg5 Be7 6. Qd2 c6 7. Bd3 Qc7 8.
O-O-O a6 9. h3 b5 10. dxe5 dxe5 11. Nb1 b4 12. Qe1 a5 13. Bd2 Nc5 14. Qe2 Be6
15. Bc4 O-O 16. Bxe6 Nxe6 17. Qc4 Nd7 18. Be3 Bf6 19. g4 Nb6 20. Bxb6 Qxb6 21.
Qe2 Rfd8 22. Nbd2 a4 23. Kb1 a3 24. Qe3 Qb5 25. b3 Be7 26. Nc4 f6 27. Rd2 Bc5
28. Qe1 Be7 29. Qc1 Nc5 30. Re1 Na4 31. Re3 Nc3+ 32. Ka1 Rxd2 33. Qxd2 Rd8 34.
Rd3 Qb8 35. Rxd8+ Qxd8 36. Qxd8+ Bxd8 37. g5 Nxe4 38. gxf6 gxf6 39. Nfxe5 fxe5
40. Nxe5 Bf6 41. f4 Bxe5+ 42. fxe5 Kf7 43. Kb1 Ke6 44. Kc1 0-1

[Event "21.Wörishofen-Seniorenen op"]
[Site "Bad Wörishofen (03.03.-11.03)"]
[Date "2005.03.03"]
[Round "1.36"]
[White "Urban, Rudolf[39RTA]"]
[Black "Fanenbruck, Guenter"]
[Result "1/2-1/2"]
[WhiteElo "1812"]
[BlackElo "1569"]
[PlyCount "47"]
[EventDate "2005.03.??"]
[Source "Chessorg"]
[SourceDate "2005.12.10"]

1. c4 e5 2. Nc3 d6 3. g3 f5 4. Bg2 Nf6 5. d3 Be7 6. Nf3 O-O 7. O-O c6 8. Bd2
Na6 9. a3 Nc7 10. b4 Nd7 11. Qb3 Kh8 12. a4 Bf6 13. e4 f4 14. gxf4 exf4 15. d4
Ne6 16. e5 dxe5 17. dxe5 Nxe5 18. Nxe5 Bxe5 19. Rfe1 Bxc3 20. Bxc3 f3 21. Bf1
Nf4 22. Qb2 Qg5+ 23. Kh1 Ne2 24. Rxe2 1/2-1/2

[Event "21.Wörishofen-Seniorenen op"]
[Site "Bad Wörishofen (03.03.-11.03)"]
[Date "2005.03.03"]
[Round "1.37"]
[White "Hoenig, Josef"]
[Black "Gehrmann, Rudolf-Rainer"]
[Result "0-1"]
[WhiteElo "1579"]
[BlackElo "2017"]
[PlyCount "94"]
[EventDate "2005.03.??"]
[Source "Chessorg"]
[SourceDate "2005.12.10"]

1. e4 c5 2. Nf3 Nc6 3. Nc3 g6 4. d3 Bg7 5. a3 Nf6 6. Be2 d5 7. exd5 Nxd5 8.
Nxd5 Qxd5 9. O-O O-O 10. Nd2 Nd4 11. Bf3 Nxf3+ 12. Qxf3 Qxf3 13. Nxf3 b6 14.
Re1 Re8 15. Rb1 Bb7 16. Ne5 Rad8 17. Nc4 e5 18. Be3 e4 19. Bf4 exd3 20. Rxe8+
Rxe8 21. cxd3 Rd8 22. Nd6 Ba6 23. h3 g5 24. Bg3 Bf8 25. Nc4 Rxd3 26. Ne5 Rd5
27. Nc6 Bd3 28. Re1 Rd7 29. Re8 f6 30. Rd8 Rxd8 31. Nxd8 c4 32. Nc6 a5 33. Bc7
Bc5 34. Bd8 Kf7 35. Nxa5 bxa5 36. Bxa5 Bd4 37. Bc3 Bxc3 38. bxc3 Bc2 39. Kf1
Ke6 40. Ke2 Ke5 41. Ke3 f5 42. f3 h5 43. g3 g4 44. fxg4 hxg4 45. h4 Ba4 46. Kd2
Ke4 47. Ke2 Bc6 0-1

[Event "21.Wörishofen-Seniorenen op"]
[Site "Bad Wörishofen (03.03.-11.03)"]
[Date "2005.03.03"]
[Round "1.38"]
[White "Niebaum, Karl"]
[Black "Miessner, Rolf"]
[Result "1/2-1/2"]
[WhiteElo "1774"]
[BlackElo "1695"]
[PlyCount "60"]
[EventDate "2005.03.??"]
[Source "Chessorg"]
[SourceDate "2005.12.10"]

1. d4 Nf6 2. Bg5 Ne4 3. h4 h6 4. Bf4 d6 5. f3 Nf6 6. e4 e6 7. Nc3 Nc6 8. Bb5
Bd7 9. Nge2 a6 10. Bxc6 bxc6 11. h5 Be7 12. Qd2 Rb8 13. Rb1 O-O 14. Kf2 Nh7 15.
Be3 e5 16. g3 f5 17. dxe5 dxe5 18. Qd3 Qc8 19. f4 Bd6 20. Kg2 Nf6 21. fxe5 Bxe5
22. Bf4 Bxf4 23. Nxf4 fxe4 24. Nxe4 Nxe4 25. Qxe4 Re8 26. Qc4+ Kh7 27. b3 Bf5
28. Rhe1 Rxe1 29. Rxe1 Qd7 30. Qxa6 Bxc2 1/2-1/2

[Event "21.Wörishofen-Seniorenen op"]
[Site "Bad Wörishofen (03.03.-11.03)"]
[Date "2005.03.03"]
[Round "1.39"]
[White "Kluge, Hans-Christof"]
[Black "Rueggeberg, Wilhelm"]
[Result "0-1"]
[WhiteElo "1566"]
[BlackElo "1801"]
[PlyCount "110"]
[EventDate "2005.03.??"]
[Source "Chessorg"]
[SourceDate "2005.12.10"]

1. d4 Nf6 2. Nf3 d5 3. e3 c6 4. Bd3 Bg4 5. Nbd2 Nbd7 6. e4 dxe4 7. Nxe4 Qc7 8.
O-O e6 9. Re1 Be7 10. h3 Bh5 11. Ng3 Bg6 12. Qe2 O-O-O 13. Bd2 Nd5 14. Ne5 Nxe5
15. dxe5 Rd7 16. a3 Rhd8 17. Bxg6 hxg6 18. Nf1 Kb8 19. b4 Nb6 20. Rab1 Rd5 21.
Rb3 Qd7 22. Bc3 Rd1 23. Ne3 Rxe1+ 24. Bxe1 Qd4 25. Bc3 Qe4 26. Ba1 Bg5 27. Rd3
Kc7 28. Rxd8 Bxd8 29. Qd3 Qxd3 30. cxd3 Nd5 31. Nc4 Be7 32. g3 b5 33. Nd2 c5
34. bxc5 Bxc5 35. Bb2 Be7 36. Kf1 a5 37. Ke2 a4 38. Nb1 b4 39. Kd2 Kc6 40. d4
Kb5 41. Kd3 Nb6 42. Bc1 Nc4 43. axb4 Bxb4 44. Nc3+ Bxc3 45. Kxc3 f6 46. f4 Nb6
47. Ba3 Nd5+ 48. Kd3 g5 49. Bc1 gxf4 50. exf6 Nxf6 51. gxf4 Kb4 52. Kc2 Nd5 53.
h4 Kc4 54. Kb1 g6 55. Ka2 Kxd4 0-1

[Event "21.Wörishofen-Seniorenen op"]
[Site "Bad Wörishofen (03.03.-11.03)"]
[Date "2005.03.03"]
[Round "1.40"]
[White "Scheidt, Eugen"]
[Black "Malik, Heinz[36G'weil]"]
[Result "1-0"]
[WhiteElo "1738"]
[BlackElo "1528"]
[PlyCount "49"]
[EventDate "2005.03.??"]
[Source "Chessorg"]
[SourceDate "2005.12.10"]

1. d4 d5 2. Nf3 Nf6 3. c4 e6 4. Bg5 Be7 5. Nc3 Nbd7 6. e3 O-O 7. Rc1 b6 8. cxd5
exd5 9. Bd3 c5 10. O-O Bb7 11. h3 Re8 12. dxc5 Nxc5 13. Bb5 Ncd7 14. Nd4 a6 15.
Bc6 Bxc6 16. Nxc6 Qc8 17. Nxe7+ Rxe7 18. Nxd5 Qd8 19. Nxe7+ Qxe7 20. Bxf6 Nxf6
21. Qf3 Rd8 22. Rfd1 Rxd1+ 23. Rxd1 h6 24. Qa8+ Kh7 25. Qxa6 1-0

[Event "21.Wörishofen-Seniorenen op"]
[Site "Bad Wörishofen (03.03.-11.03)"]
[Date "2005.03.03"]
[Round "1.41"]
[White "Weber, Siegfried[27Fechh']"]
[Black "Xander, Karl,Dr."]
[Result "0-1"]
[WhiteElo "1554"]
[BlackElo "1886"]
[PlyCount "74"]
[EventDate "2005.03.??"]
[Source "Chessorg"]
[SourceDate "2005.12.10"]

1. e4 e5 2. Nf3 Nc6 3. Bc4 Bc5 4. c3 Nf6 5. d4 exd4 6. cxd4 Bb4+ 7. Bd2 Bxd2+
8. Nbxd2 d5 9. exd5 Nxd5 10. Qb3 Na5 11. Qa4+ c6 12. Bxd5 Qxd5 13. O-O O-O 14.
Rac1 b6 15. b4 Nb7 16. Qxc6 Qxa2 17. d5 Rb8 18. Ra1 Qb2 19. Rfb1 Qf6 20. Rxa7
Nd6 21. Nc4 Nxc4 22. Qxc4 Bf5 23. Re1 Rbc8 24. Qf4 Rfe8 25. Rxe8+ Rxe8 26. h3
h6 27. Nd4 Be4 28. Qxf6 gxf6 29. d6 Rd8 30. d7 Kf8 31. f3 Bd3 32. Rb7 Ke7 33.
Kf2 Kd6 34. Ke3 Bb1 35. Kf4 Rxd7 36. Rxd7+ Kxd7 37. Ke3 Kd6 0-1

[Event "21.Wörishofen-Seniorenen op"]
[Site "Bad Wörishofen (03.03.-11.03)"]
[Date "2005.03.03"]
[Round "1.42"]
[White "Born, Bernd-Ludger,Dr."]
[Black "Auf'm Wasser, Guenter"]
[Result "1-0"]
[WhiteElo "1954"]
[BlackElo "1613"]
[PlyCount "60"]
[EventDate "2005.03.??"]
[Source "Chessorg"]
[SourceDate "2005.12.10"]

1. d4 Nf6 2. c4 g6 3. g3 Bg7 4. Bg2 O-O 5. Nf3 d6 6. O-O c6 7. Nc3 Na6 8. e4 e5
9. h3 Nc7 10. Re1 exd4 11. Nxd4 Ne6 12. Be3 a6 13. Qc2 Nxd4 14. Bxd4 c5 15. Be3
Qc7 16. Rad1 Be6 17. b3 Rfd8 18. Rd3 Qc8 19. Kh2 h5 20. Bg5 Rd7 21. Qd2 Qf8 22.
Rd1 Rad8 23. Na4 Kh7 24. Nb6 Bh6 25. Nxd7 Rxd7 26. Bxh6 Qxh6 27. Qxh6+ Kxh6 28.
Rxd6 Rc7 29. f4 Ne8 30. Rd8 Ng7 1-0

[Event "21.Wörishofen-Seniorenen op"]
[Site "Bad Wörishofen (03.03.-11.03)"]
[Date "2005.03.03"]
[Round "1.43"]
[White "Winkler, Hans"]
[Black "Selg, Rudolf"]
[Result "1-0"]
[WhiteElo "1709"]
[BlackElo "1807"]
[PlyCount "53"]
[EventDate "2005.03.??"]
[Source "Chessorg"]
[SourceDate "2005.12.10"]

1. c4 f5 2. Nf3 Nf6 3. Nc3 d6 4. d4 g6 5. Bg5 Bg7 6. g3 O-O 7. Qd2 Ne4 8. Nxe4
fxe4 9. Nh4 Rf7 10. Bg2 Nc6 11. Be3 d5 12. Rc1 e6 13. Bh3 Ne7 14. O-O Qf8 15.
Ng2 Nf5 16. Bxf5 Rxf5 17. cxd5 Rxd5 18. Rxc7 Qd8 19. Rc4 b6 20. Nf4 Rd6 21. Qc2
Bb7 22. Rc1 g5 23. Nh5 Bxd4 24. Bxd4 Rxd4 25. Rc7 Rd7 26. Rxd7 Qxd7 27. Nf6+
1-0

[Event "21.Wörishofen-Seniorenen op"]
[Site "Bad Wörishofen (03.03.-11.03)"]
[Date "2005.03.03"]
[Round "1.44"]
[White "Hein, Manfred[36Gunzenh]"]
[Black "Schulte, Hans,Dr."]
[Result "1-0"]
[WhiteElo "2038"]
[BlackElo "1756"]
[PlyCount "79"]
[EventDate "2005.03.??"]
[Source "Chessorg"]
[SourceDate "2005.12.10"]

1. e4 e6 2. d4 d5 3. Nd2 dxe4 4. Nxe4 Bd7 5. Be2 Bc6 6. Bf3 Nf6 7. Nxf6+ Qxf6
8. Be3 Bd6 9. Qd3 O-O 10. O-O-O Nd7 11. Bxc6 bxc6 12. Nf3 Bf4 13. Rhe1 Rab8 14.
Bxf4 Qxf4+ 15. Qe3 Qd6 16. Rd3 Nf6 17. Rb3 Nd5 18. Qe5 Rxb3 19. Qxd6 cxd6 20.
axb3 Rb8 21. Kd2 Nc7 22. Ra1 a6 23. Ng5 e5 24. dxe5 dxe5 25. Ne4 Rb5 26. Nc3
Rb6 27. Ra5 f6 28. Rc5 Ne6 29. Ra5 Nc7 30. Kd3 Kf7 31. Kc4 Ke7 32. Kc5 Na8 33.
Na4 Rb5+ 34. Rxb5 cxb5 35. Nc3 Nc7 36. Kc6 Kd8 37. Ne4 Ne6 38. c3 f5 39. Nd6 g6
40. Nf7+ 1-0

[Event "21.Wörishofen-Seniorenen op"]
[Site "Bad Wörishofen (03.03.-11.03)"]
[Date "2005.03.03"]
[Round "1.45"]
[White "Wolfram, Gisbert,Dr."]
[Black "Will, Michael[40Naumb]"]
[Result "0-1"]
[WhiteElo "1548"]
[BlackElo "1753"]
[PlyCount "120"]
[EventDate "2005.03.??"]
[Source "Chessorg"]
[SourceDate "2005.12.10"]

1. Nf3 d5 2. g3 g6 3. Bg2 Bg7 4. d4 Nf6 5. c4 c6 6. O-O O-O 7. cxd5 cxd5 8. Nc3
e6 9. Bf4 a6 10. Rc1 Bd7 11. e3 Nc6 12. Na4 Bc8 13. Nc5 Qb6 14. Qd2 Qb4 15. a3
Qxd2 16. Nxd2 Nd7 17. Nd3 Nf6 18. Rc2 Nd7 19. Rfc1 Re8 20. Nf3 h6 21. h4 Kh7
22. Kh2 f6 23. Bd6 e5 24. dxe5 fxe5 25. Nb4 e4 26. Nd2 Nxb4 27. Bxb4 Ne5 28.
Bf1 Nc6 29. Bc3 Bg4 30. Bxg7 Kxg7 31. Nb3 g5 32. Bh3 Bxh3 33. Kxh3 Kg6 34. Rc5
Rad8 35. Na5 Nxa5 36. Rxa5 Rf8 37. Rc2 Rf6 38. Rac5 b6 39. Rc6 Rdf8 40. Rxf6+
Rxf6 41. b4 Kf5 42. a4 g4+ 43. Kg2 Ke5 44. b5 axb5 45. axb5 Rd6 46. Kf1 d4 47.
exd4+ Kxd4 48. Ke2 Rd5 49. Rc6 Rxb5 50. Rxh6 Rb2+ 51. Ke1 b5 52. Rd6+ Kc5 53.
Rd2 Rb1+ 54. Ke2 b4 55. Ke3 b3 56. h5 Rh1 57. Kxe4 Rxh5 58. f4 gxf3 59. Kxf3
Kc4 60. Ke2 b2 0-1

[Event "21.Wörishofen-Seniorenen op"]
[Site "Bad Wörishofen (03.03.-11.03)"]
[Date "2005.03.03"]
[Round "1.46"]
[White "Richter, Gerhard,Dr.[28Marb]"]
[Black "Block, Herbert"]
[Result "1-0"]
[WhiteElo "1757"]
[BlackElo "1402"]
[PlyCount "43"]
[EventDate "2005.03.??"]
[Source "Chessorg"]
[SourceDate "2005.12.10"]

1. e4 e5 2. Nf3 d6 3. Bc4 h6 4. d3 Nc6 5. h3 Nf6 6. Nbd2 Be7 7. Nf1 O-O 8. Ne3
a6 9. d4 Nh7 10. g4 Kh8 11. Nf5 Bxf5 12. gxf5 Nxd4 13. Nxd4 exd4 14. Qh5 Qe8
15. Bd2 f6 16. Qg4 h5 17. Qg2 h4 18. Rg1 Ng5 19. f4 Qh5 20. fxg5 fxg5 21. Bxg5
Bf6 22. Bxf6 1-0

[Event "21.Wörishofen-Seniorenen op"]
[Site "Bad Wörishofen (03.03.-11.03)"]
[Date "2005.03.03"]
[Round "1.47"]
[White "Bartlitz, Heinz"]
[Black "Josting, Friedel"]
[Result "0-1"]
[WhiteElo "1567"]
[BlackElo "1886"]
[PlyCount "96"]
[EventDate "2005.03.??"]
[Source "Chessorg"]
[SourceDate "2005.12.10"]

1. e4 c5 2. Nc3 Nc6 3. d3 d6 4. g3 g6 5. Bg2 Bg7 6. Be3 Nf6 7. h3 Bd7 8. Qd2
Nd4 9. Nce2 Nxe2 10. Nxe2 Bc6 11. Bh6 O-O 12. O-O Re8 13. Bxg7 Kxg7 14. c3 Qd7
15. Nf4 e6 16. Rfe1 Qc7 17. c4 Rab8 18. b3 Kg8 19. Qc3 Nd7 20. h4 Qd8 21. Nh3
e5 22. Qd2 Qf6 23. Qg5 Qg7 24. Qd2 Nf8 25. f4 Ne6 26. Ng5 Nd4 27. Rac1 Qh6 28.
Nf3 Ne6 29. Ng5 exf4 30. Nxe6 Rxe6 31. Qxf4 Qxf4 32. gxf4 Rbe8 33. Kf2 R6e7 34.
Bh3 Kg7 35. Re3 f5 36. Rce1 fxe4 37. dxe4 Rxe4 38. Rxe4 Rxe4 39. Rxe4 Bxe4 40.
Ke3 Bb1 41. a3 Ba2 42. Ke4 Bxb3 43. Kd5 b6 44. Be6 Kf6 45. Kxd6 b5 46. Bd5 Bxc4
47. Kxc5 Bxd5 48. Kxd5 a5 0-1

[Event "21.Wörishofen-Seniorenen op"]
[Site "Bad Wörishofen (03.03.-11.03)"]
[Date "2005.03.03"]
[Round "1.48"]
[White "Schmidt, Eugen[35Baden]"]
[Black "Erler, Klaus-Juergen"]
[Result "1-0"]
[WhiteElo "1882"]
[BlackElo "1569"]
[PlyCount "63"]
[EventDate "2005.03.??"]
[Source "Chessorg"]
[SourceDate "2005.12.10"]

1. e4 d6 2. d4 Nf6 3. Nc3 c6 4. Bf4 Qa5 5. Qd2 e5 6. dxe5 dxe5 7. Bg5 Nbd7 8.
Nge2 Bb4 9. f3 O-O 10. a3 Rd8 11. O-O-O Be7 12. Kb1 b5 13. Nd5 Qxd2 14. Nxe7+
Kf8 15. Rxd2 Kxe7 16. Nc1 Bb7 17. Nb3 a5 18. Be3 a4 19. Nc5 Nxc5 20. Bxc5+ Ke8
21. Bd3 Nd7 22. Be3 Nf8 23. f4 exf4 24. Bxf4 Ne6 25. Be3 Rd6 26. Rf2 Rad8 27.
Rhf1 f6 28. Bb6 R8d7 29. e5 fxe5 30. Bxh7 c5 31. Bg6+ Ke7 32. Rf7+ 1-0

[Event "21.Wörishofen-Seniorenen op"]
[Site "Bad Wörishofen (03.03.-11.03)"]
[Date "2005.03.03"]
[Round "1.50"]
[White "Fleckner, Hans"]
[Black "Richter, Helmut[27Mühlacker]"]
[Result "1/2-1/2"]
[WhiteElo "1723"]
[BlackElo "1692"]
[PlyCount "56"]
[EventDate "2005.03.??"]
[Source "Chessorg"]
[SourceDate "2005.12.10"]

1. e4 c6 2. Nc3 d5 3. Nf3 h6 4. d4 dxe4 5. Nxe4 Bf5 6. Ng3 Bh7 7. Bc4 e6 8. Ne5
Nf6 9. Qe2 Qe7 10. O-O Nbd7 11. Re1 Nxe5 12. dxe5 Nd5 13. Bb3 Nc7 14. Be3 Nd5
15. Rad1 Nxe3 16. Qxe3 Qc5 17. Qd2 Qe7 18. Ne4 Qc7 19. Nd6+ Bxd6 20. exd6 Qd7
21. Bxe6 fxe6 22. Rxe6+ Qxe6 23. Re1 Kf7 24. Rxe6 Kxe6 25. c4 c5 26. Qd5+ Kd7
27. Qxb7+ Kxd6 28. Qd5+ Ke7 1/2-1/2